000
00197 a2200097 4500
001
9374
100
_a
Sandeman, E K
245
_a
Radio engineering
260
_a
_b
Chapman
_c
090
_c
7535
_d
7535
942
_a
NUST-CAE
_c
M
_c
34195
999
_c
244447
_d
244447